| 000 | 00581nam a2200229Ia 4500 | ||
|---|---|---|---|
| 003 | OSt | ||
| 005 | 20221005065800.0 | ||
| 006 | a|||||r|||| 00| 0 | ||
| 007 | ta | ||
| 008 | 221004b |||||||| |||| 00| 0 eng d | ||
| 024 | _a109573 | ||
| 037 | _cTextual | ||
| 040 |
_aCRL _cCRL _beng |
||
| 041 |
_2eng _aeng |
||
| 082 | _aY73.58, M2 | ||
| 245 | 0 | _aPresent - day ethnic processes in the USSR | |
| 260 |
_aMoscow _bProgress Publishers _c1982 |
||
| 300 |
_a277p. _ccm. |
||
| 650 | _aSOCIOLOGY | ||
| 942 |
_hY73.58, M2 _cTEXL _2cc |
||
| 999 |
_c975178 _d975178 |
||